Séries avec au moins 3 saisons – Mort subite - Statistiques

Statistiques générales
  • Ce quiz a été pris 418 fois
    47 depuis la dernière actualisation
  • Le résultat moyen est 9 sur 11
Answers on the Grid
Answers color-coded by a green-red scale on the quiz's grid according to % correct below.
Outer Banks
La Casa de Papel
Riverdale
Stranger Things
Gossip Girl
Mercredi
Forever
Olympo
Ginny & Georgia
Vampire Diaries
13 reasons why
Adolescence
Lupin
Anne with an E
Le Chemin de l'olivier
All of Us Are Dead
Alice in Borderland
Juste un regard
 
Statistiques - réponses
Réponse % Correct
Ginny & Georgia
96%
Outer Banks
96%
Riverdale
96%
Gossip Girl
92%
Stranger Things
88%
La Casa de Papel
85%
Vampire Diaries
81%
13 reasons why
69%
Anne with an E
54%
Lupin
54%
Alice in Borderland
50%
Aucun quiz correspondant
Distribution des résultats
% des personnes avec chaque résultat
Percentile par nombre de réponses
Votre historique - résultats
Vous n’avez pas pris ce quiz depuis la dernière actualisation